GATE Computer Science And Information Technology (Record no. 340630)

MARC details
000 -LEADER
fixed length control field 00499nam a2200169Ia 4500
008 - FIXED-LENGTH DATA ELEMENTS--GENERAL INFORMATION
fixed length control field 230718s9999 xx 000 0 und d
020 ## - INTERNATIONAL STANDARD BOOK NUMBER
International Standard Book Number 9789381075616
041 ## - LANGUAGE CODE
Language code of text/sound track or separate title eng
082 ## - DEWEY DECIMAL CLASSIFICATION NUMBER
Classification number 004
Item number RED
100 ## - MAIN ENTRY--PERSONAL NAME
Personal name Reddy E.S.
245 ## - TITLE STATEMENT
Title GATE Computer Science And Information Technology
Remainder of title The Complete Reference
260 ## - PUBLICATION, DISTRIBUTION, ETC. (IMPRINT)
Date of publication, distribution, etc. 2012
Name of publisher, distributor, etc. BS Publications
300 ## - PHYSICAL DESCRIPTION
Extent 1425
365 ## - TRADE PRICE
Currency code Rs.
Price amount 895.00
700 ## - ADDED ENTRY--PERSONAL NAME
Personal name Reddy E.S. & Ramesh J.V.N.
906 ## - LOCAL DATA ELEMENT F, LDF (RLIN)
d O:0475826-Oct-2015B:IN 57710-Jul-2015
c COMP
b 223.75
Holdings
Withdrawn status Lost status Damaged status Not for loan Home library Current library Date acquired Vendor Budget Code Cost, normal purchase price Bill number Total Checkouts Full call number Barcode Date last seen Date last checked out Discount Cost, replacement price Bill Date Koha item type Original Barcode
        Cummins College of Engineering for Women Pune Cummins College of Engineering for Women Pune 26/10/2015 Pradeep Book Distributors COMP 671.25 IN 577 2 004 CCEP-BK-51837 25/10/2024 29/08/2024 223.75 895.00 10/07/2015 Books 051837